000
00295nam a22001337a 4500
008
170216b xxu||||| |||| 00| 0 eng d
020
_a
9781455703845
041
_a
eng
080
_2
7TH
_a
61
100
_a
4
101
_a
SHM
245
_a
CLINICAL CALCULATIONS
_c
MARSHALL, S.M
942
_2
udc
_c
BK
999
_c
5640
_d
5640